| 000 | 00418cam a2200169ua 4500 | ||
|---|---|---|---|
| 020 | _c2.8 anna | ||
| 041 |
_amal _h |
||
| 082 |
_a894.812308 _bRAM/MA |
||
| 100 | _aRaman Menon, P . | ||
| 245 |
_aMannurukunnu / _cP.Raman Menon. _hTextual Documents |
||
| 260 |
_aKodungallur : _bKerala Book House , _c1957. |
||
| 300 | _a270 ; . | ||
| 365 | _a2.8 anna | ||
| 504 | _a | ||
| 942 | _cBK | ||
| 999 |
_c3627 _d3627 |
||